| 000 | 00828nam a2200265 i 4500 | ||
|---|---|---|---|
| 001 | 16284 | ||
| 003 | ES-MaACL | ||
| 005 | 20250727022513.0 | ||
| 007 | t| | ||
| 008 | 000824s1993 sp ||||1| spa d | ||
| 020 | _a84-7509-929-7 | ||
| 080 | _a141.319.8 | ||
| 100 | 1 |
_aGehlen, Arnold. _956207 |
|
| 245 | 1 | 0 |
_aAntropología filosófica _b: del encuentro y descubrimiento del hombre por sí mismo / _cArnold Gehlen. |
| 250 | _a1ª ed. en ediciones Paidós. | ||
| 260 |
_aBarcelona : _bPaidós Ibérica, _c1993. |
||
| 300 |
_a184 p. ; _c22 cm. |
||
| 490 | 1 |
_aPaidós básica ; _v62 |
|
| 500 | _3Indice | ||
| 504 | _aBibliografía: p. [171]-177. | ||
| 650 | 7 |
_aAntropología filosófica _2embne _99891 |
|
| 830 | 0 |
_aPaidós básica ; _v62 _9178397 |
|
| 852 |
_aES-MaACL _jL-23594 _bR.128706 |
||
| 999 |
_c16284 _d16284 |
||